000
00334nam a2200145Ia 4500
008
150201s2008 xx 000 0 und d
082
_a
616.01
_b
G08S
100
_a
STANIER,R.Y.
245
_a
GENERAL MICROBIOLOGY
250
_a
5TH
260
_b
MACMILLAN
_a
LONDAN
_c
2008
300
_a
1-689
650
_a
MICROBIOLOGY
942
_2
ddc
_c
BK
999
_c
293
_d
293